000 00743cam a2200241 a 4500
001 000004930
003 OSt
005 20200929151534.0
008 010817s2000 ec 000 p spa
020 _a9978621792
040 _aDO-SdBNP
_bspa
_cBNPHU
082 _aEc861.6
_bM385a
100 1 _aMartínez V., Diego.
_914247
245 1 0 _aA aquí y ahora /
_cDiego Martinez V. y Mateo Villalba Andrade.
260 _aQuito, Ecuador :
_bCasa de la Cultura Ecuatoriana "Benjamin Carrion",
_c2000.
300 _a127 p. ;
_c21 cm.
590 _aInventariado, 2020/ YL
650 4 _aPoesía ecuatoriana
_913387
650 4 _aLiteratura ecuatoriana
_93938
700 1 2 _aVillalba Andrade, Mateo.
_914248
910 _aEn proceso
942 _2ddc
_cLF1
999 _c4736
_d4736